000 00321nam a22001457a 4500
008 210528b ||||| |||| 00| 0 eng d
020 _a04712205X
041 _aeng
080 _23rd
_a159.9
082 _a159.9
100 _a48
101 _aPSI
245 _aSchool Psychology
_cCeclin R. Reynolds
942 _2udc
_cBK
999 _c57796
_d57796